[Event "POLFINAL MISTRZOSTW POLSKI JUNIOROW 2016 - C11"]
[Site "Centrum Kongresow i Rekreacji Orle Gniazdo ul. Wrzosowa 28a, Szczyrk"]
[Date "1899-12-30"]
[Round "2.13"]
[White "Lokaj, Bartlomiej"]
[Black "Wos, Kacper"]
[Result "1-0"]
[WhiteTitle "II"]
[BlackTitle "III"]
[WhiteElo "1249"]
[BlackElo "1060"]

1. e4 c5 2. c3 d6 3. d4 cxd4 4. cxd4 a6 5. Nf3 Nf6 6. Nc3 Nc6 7. Bf4 Bg4 8. Be2
Bxf3 9. Bxf3 Qb6 10. Ne2 g6 11. Rb1 Bg7 12. O-O O-O 13. d5 e5 14. dxe6 fxe6 15.
Qxd6 Rfe8 16. Qa3 e5 17. Be3 Qb4 18. Qxb4 Nxb4 19. Nc3 Rad8 20. Rfd1 Nc2 21. Bb6
Rxd1+ 22. Rxd1 h5 23. a3 Bh6 24. Kf1 g5 25. Be2 g4 26. Bc4+ Kh8 27. Bb3 Nd4 28.
Bxd4 exd4 29. Rxd4 Bg7 30. Bd5 Nd7 31. Rd1 Be5 32. Bf7 Re7 33. Bxh5 Nf6 34. Bg6
Kg7 35. Bf5 Kh6 36. Re1 Kg5 37. g3 Ne8 38. h4+ gxh3 39. f4+ Bxf4 40. gxf4+ Kh4
41. Kf2 Rg7 42. Rh1 Rg2+ 43. Kf1 1-0

[Event "POLFINAL MISTRZOSTW POLSKI JUNIOROW 2016 - C11"]
[Site "Centrum Kongresow i Rekreacji Orle Gniazdo ul. Wrzosowa 28a, Szczyrk"]
[Date "1899-12-30"]
[Round "2.14"]
[White "Sloniewski, Jakub"]
[Black "Grodzicki, Piotr"]
[Result "0-1"]
[WhiteTitle "II"]
[BlackTitle "II"]
[WhiteElo "1068"]
[BlackElo "1199"]

1. e4 c6 2. d4 d5 3. exd5 cxd5 4. Bd3 Nc6 5. c3 Qc7 6. h3 e6 7. Nf3 Nf6 8. O-O
Bd6 9. Re1 O-O 10. Qe2 Bd7 11. Ne5 a6 12. Bg5 Be7 13. Nd2 Ne8 14. Bxe7 Nxe7 15.
Qh5 Nf6 16. Qh4 Ng6 17. Bxg6 hxg6 18. Ndf3 Nh7 19. Qe7 Nf6 20. Ng5 Rae8 21. Qb4
a5 22. Qb3 Bc6 23. Ngf3 Nd7 24. Reb1 b5 25. Nxd7 Bxd7 26. Ne5 a4 27. Qb4 Rb8 28.
Qe7 Rb7 29. Nxd7 Qxd7 30. Qxd7 Rxd7 31. Rc1 Rc8 32. Kf1 Rdc7 33. Ke2 Kf8 34. Kd3
Ke7 35. Rc2 Kd6 36. Rac1 f6 37. f4 Rh8 38. b3 axb3 39. axb3 Rh4 40. Ke3 Rh5 41.
c4 bxc4 42. bxc4 Rxc4 43. Rxc4 dxc4 44. Rxc4 g5 45. Kf3 gxf4 46. Kxf4 Rh4+ 47.
Kf3 f5 48. Rc8 Rxd4 49. Rg8 Rd3+ 50. Kf2 Rd2+ 51. Kf3 Ke5 52. Rxg7 Rd3+ 53. Kf2
Ke4 54. h4 Rd1 55. Rg6 e5 56. h5 Rh1 57. h6 f4 58. g4 fxg3+ 59. Kxg3 Rg1+ 60.
Kh4 Rxg6 61. Kh5 Rxh6+ 0-1

[Event "POLFINAL MISTRZOSTW POLSKI JUNIOROW 2016 - C11"]
[Site "Centrum Kongresow i Rekreacji Orle Gniazdo ul. Wrzosowa 28a, Szczyrk"]
[Date "1899-12-30"]
[Round "3.1"]
[White "Jeda, Maciej"]
[Black "Tomkiewicz, Jakub"]
[Result "1-0"]
[WhiteTitle "II"]
[BlackTitle "II"]
[WhiteElo "1312"]
[BlackElo "1232"]

1. e4 e5 2. Nf3 Nc6 3. Bc4 Bc5 4. c3 Nf6 5. d4 exd4 6. cxd4 Bb4+ 7. Nc3 Bxc3+ 8.
bxc3 Nxe4 9. d5 Ne7 10. Qd4 Nf6 11. Bg5 Nf5 12. Qf4 Qe7+ 13. Kf1 Qc5 14. Nd2 d6
15. Re1+ Kf8 16. Bxf6 gxf6 17. g4 Ne7 18. Qh6+ Ke8 19. Qxf6 Kf8 20. Qxh8+ Ng8
21. Qd4 Qxd4 22. cxd4 Bxg4 23. h3 Bd7 24. Re3 Nf6 25. Kg2 Nh5 26. Re4 Nf6 27.
Rf4 Nh5 28. Rh4 Nf6 29. Re1 c6 30. Ne4 Re8 31. Nxf6 Bxh3+ 32. Rxh3 Rxe1 33. Re3
Rb1 34. Rb3 Rc1 35. Bf1 b6 36. Ra3 cxd5 37. Rxa7 Rd1 38. Rd7 Rxd4 39. Rxd6 Ra4
40. Rxd5 Rxa2 41. Nxh7+ Kg7 42. Ng5 Ra4 43. Kg3 Kg6 44. Nf3 Rb4 45. Rb5 Rxb5 46.
Bxb5 Kf5 47. Nd4+ Ke5 48. Nc6+ Kd6 49. Nd8 f6 50. Kf4 Kc5 51. Be8 b5 52. Bxb5
Kxb5 53. Kf5 1-0

[Event "POLFINAL MISTRZOSTW POLSKI JUNIOROW 2016 - C11"]
[Site "Centrum Kongresow i Rekreacji Orle Gniazdo ul. Wrzosowa 28a, Szczyrk"]
[Date "1899-12-30"]
[Round "3.2"]
[White "Rybak, Igor"]
[Black "Mocko, Maciej"]
[Result "0-1"]
[WhiteTitle "II"]
[BlackTitle "II"]
[WhiteElo "1254"]
[BlackElo "1195"]

1. e4 c5 2. Nf3 d6 3. d4 cxd4 4. Nxd4 Nf6 5. Nc3 g6 6. Bg5 Bg7 7. Bb5+ Bd7 8. Qe2
O-O 9. O-O-O a6 10. Bxd7 Nbxd7 11. f4 Qc7 12. g4 Rfc8 13. Bxf6 Bxf6 14. g5 Bg7
15. Nd5 Qd8 16. h4 e6 17. Nc3 Qb6 18. Nb3 Bxc3 19. bxc3 Rxc3 20. h5 Rac8 21. Rd2
Rxb3 22. axb3 Qxb3 23. Qd3 Qa2 24. Qd4 Nc5 25. Rh3 gxh5 26. Qb2 Qxb2+ 27. Kxb2
Nxe4 28. Rd4 d5 29. Rxh5 Kg7 30. Rd3 Kg6 31. Rdh3 Kf5 32. Rxh7 Kxf4 33. Rxf7+
Kxg5 34. Rxb7 Rc6 35. Rg7+ Kf4 36. Rh4+ Ke5 37. Ra7 Rb6+ 38. Kc1 Kd4 39. Rh3 Kc4
40. Rc7+ Kd4 41. Rd3+ Ke5 42. Ra7 Nc5 43. Re3+ Kd4 44. Kd2 Ne4+ 45. Ke2 Rb2 46.
Rd3+ Ke5 47. Rxa6 Rxc2+ 48. Kf3 Rf2+ 49. Ke3 Rf6 50. Ra4 Nc5 51. Rad4 Nxd3 52.
Rxd3 d4+ 53. Ke2 Ke4 54. Rg3 e5 55. Rh3 d3+ 56. Kd2 Kd4 57. Rxd3+ Ke4 58. Re3+
Kd4 59. Rd3+ Kc4 60. Re3 Rf2+ 61. Ke1 Rf5 62. Ke2 Rh5 63. Kf3 Kd4 64. Re4+ Kd5
65. Re3 Rf5+ 66. Ke2 e4 67. Ke1 Kd4 68. Ke2 Rc5 69. Rg3 Rc2+ 70. Kd1 Ra2 71. Ke1
Ra1+ 72. Kd2 e3+ 73. Ke2 Ra2+ 74. Ke1 Kd3 75. Kf1 Ra1+ 76. Kg2 Kd2 77. Kf3 e2
78. Kf2 e1=Q+ 79. Kf3 0-1

[Event "POLFINAL MISTRZOSTW POLSKI JUNIOROW 2016 - C11"]
[Site "Centrum Kongresow i Rekreacji Orle Gniazdo ul. Wrzosowa 28a, Szczyrk"]
[Date "1899-12-30"]
[Round "3.3"]
[White "Rosenfeld, Noe"]
[Black "Choina, Jan"]
[Result "1-0"]
[WhiteTitle "II"]
[BlackTitle "II"]
[WhiteElo "1237"]
[BlackElo "1099"]

1. e4 c5 2. Nf3 d6 3. d4 cxd4 4. Nxd4 Nf6 5. Nc3 g6 6. Be3 Bg7 7. f3 O-O 8. Bc4
Nc6 9. Qd2 Bd7 10. h4 Rc8 11. Bb3 Ne5 12. g4 h5 13. gxh5 Nxh5 14. O-O-O Nc4 15.
Bxc4 Rxc4 16. Nde2 Re8 17. Bh6 Bh8 18. Rdg1 Kh7 19. Nf4 Nxf4 20. Qxf4 Be6 21.
h5 g5 22. Qxg5 Bf6 23. Qe3 Bd4 24. Qg5 Rc5 25. e5 Bxe5 26. Bg7 1-0

[Event "POLFINAL MISTRZOSTW POLSKI JUNIOROW 2016 - C11"]
[Site "Centrum Kongresow i Rekreacji Orle Gniazdo ul. Wrzosowa 28a, Szczyrk"]
[Date "1899-12-30"]
[Round "3.4"]
[White "Franc, Piotr"]
[Black "Kietrys, Maciej"]
[Result "1/2-1/2"]
[WhiteTitle "II"]
[BlackTitle "II"]
[WhiteElo "1230"]
[BlackElo "1438"]

1. e4 e5 2. Nf3 Nc6 3. Bc4 Bc5 4. c3 Nf6 5. d4 exd4 6. cxd4 Bb4+ 7. Nc3 d5 8. exd5
Nxd5 9. O-O Bxc3 10. bxc3 O-O 11. Re1 Be6 12. Qd3 Qd7 13. Bxd5 Qxd5 14. Ba3 Rfe8
15. Qd2 h6 16. Ne5 Bh3 17. Nf3 Bg4 18. Rxe8+ Rxe8 19. Qf4 Bxf3 20. gxf3 Qc4 21.
Bc5 Qxc3 22. Rc1 Qa5 23. a3 b6 24. Qxc7 bxc5 25. Qxc6 Re1+ 26. Rxe1 Qxe1+ 27.
Kg2 cxd4 28. Qc8+ Kh7 29. Qf5+ Kg8 30. Qc8+ Kh7 31. Qf5+ Kg8 1/2-1/2

[Event "POLFINAL MISTRZOSTW POLSKI JUNIOROW 2016 - C11"]
[Site "Centrum Kongresow i Rekreacji Orle Gniazdo ul. Wrzosowa 28a, Szczyrk"]
[Date "1899-12-30"]
[Round "3.5"]
[White "Marcinkowski, Jan"]
[Black "Kossowski, Pawel"]
[Result "0-1"]
[WhiteTitle "II"]
[BlackTitle "II"]
[WhiteElo "1194"]
[BlackElo "1273"]

1. e4 e5 2. Nf3 Nc6 3. Bc4 Bc5 4. c3 Nf6 5. d4 exd4 6. cxd4 Bb4+ 7. Bd2 Bxd2+ 8.
Nbxd2 d5 9. exd5 Nxd5 10. Qb3 Nce7 11. O-O O-O 12. Rfe1 c6 13. Rac1 Qb6 14. Qxb6
axb6 15. a3 h6 16. Ba2 Be6 17. Ne4 Rfd8 18. h3 Nf4 19. Bxe6 Nxe6 20. Nc3 Nf5 21.
d5 cxd5 22. Re5 Ne7 23. Rd1 Ra5 24. Nd4 Nc6 25. Nxe6 fxe6 26. Rxe6 d4 27. Ne2
Rb5 28. b4 Rbd5 29. Nf4 R5d6 30. Rxd6 Rxd6 31. Kf1 Kf7 32. Ke2 Kf6 33. Nd3 Ne5
34. Nxe5 Kxe5 35. Rc1 Rd7 36. Kd3 Rf7 37. Rc2 g6 38. g3 Rf3+ 39. Kc4 d3 40. Rd2
Ke4 41. Kc3 b5 42. h4 h5 43. Ra2 d2+ 44. Kc2 Rxf2 45. Kd1 Rf1+ 0-1

[Event "POLFINAL MISTRZOSTW POLSKI JUNIOROW 2016 - C11"]
[Site "Centrum Kongresow i Rekreacji Orle Gniazdo ul. Wrzosowa 28a, Szczyrk"]
[Date "1899-12-30"]
[Round "3.6"]
[White "Rainer, Piotr"]
[Black "Bogusz, Alan"]
[Result "1-0"]
[WhiteTitle "III"]
[BlackTitle "II"]
[WhiteElo "1184"]
[BlackElo "1476"]

1. e4 c5 2. Nf3 d6 3. d4 cxd4 4. Nxd4 Nf6 5. Nc3 a6 6. f3 e5 7. Nb3 Be6 8. Be3
Be7 9. Qd2 Nbd7 10. O-O-O b5 11. Kb1 O-O 12. g4 Nb6 13. h4 Nc4 14. Bxc4 bxc4 15.
Nc1 Nd7 16. h5 f6 17. Nd5 Bxd5 18. Qxd5+ Kh8 19. Qxc4 Nb6 20. Qe2 Qc7 21. h6 g5
22. Bxb6 Qxb6 23. Qc4 Rab8 24. Nb3 Qb7 25. Rd2 Qb6 26. Qe6 Rb7 27. Rhd1 Qb5 28.
Rd3 Qb6 29. Rc3 Qd8 30. Rc6 a5 31. Ra6 Qb8 32. Rxa5 Qc7 33. Rad5 Qb6 34. R5d3
Qb5 35. Rc3 Rd7 36. Rd5 Qb7 37. Nc5 Qa7 38. Qxd7 1-0

[Event "POLFINAL MISTRZOSTW POLSKI JUNIOROW 2016 - C11"]
[Site "Centrum Kongresow i Rekreacji Orle Gniazdo ul. Wrzosowa 28a, Szczyrk"]
[Date "1899-12-30"]
[Round "3.7"]
[White "Wieczorek, Mikolaj"]
[Black "Karut, Kacper"]
[Result "1/2-1/2"]
[WhiteTitle "II"]
[BlackTitle "II"]
[WhiteElo "1458"]
[BlackElo "1170"]

1. e4 c5 2. Nf3 e6 3. Nc3 a6 4. d4 cxd4 5. Nxd4 b5 6. Be2 Bb7 7. O-O d6 8. f4 Nd7
9. Bf3 Ngf6 10. Be3 Be7 11. a3 O-O 12. Nb3 Qc7 13. Qe2 Rac8 14. Rad1 Nb6 15. Nd2
Nc4 16. Nxc4 Qxc4 17. Qxc4 Rxc4 18. Rd4 Rxd4 19. Bxd4 Nd7 20. Rd1 Rc8 21. Kf2
h6 22. g3 Nc5 23. Re1 Bc6 24. Re2 a5 25. Na2 Rb8 26. b4 Na4 27. bxa5 Ra8 28. Nb4
Bb7 29. Re3 Rxa5 30. e5 d5 31. Ke2 Kf8 32. Kf2 Kg8 33. Ke2 Kf8 34. Kf2 Kg8 1/2-1/2

[Event "POLFINAL MISTRZOSTW POLSKI JUNIOROW 2016 - C11"]
[Site "Centrum Kongresow i Rekreacji Orle Gniazdo ul. Wrzosowa 28a, Szczyrk"]
[Date "1899-12-30"]
[Round "3.9"]
[White "Grodzicki, Piotr"]
[Black "Lokaj, Bartlomiej"]
[Result "0-1"]
[WhiteTitle "II"]
[BlackTitle "II"]
[WhiteElo "1199"]
[BlackElo "1249"]

1. e4 e5 2. Nf3 Nf6 3. Nxe5 d6 4. Nf3 Nxe4 5. Nc3 Nxc3 6. dxc3 Be7 7. Bf4 Be6 8.
Qd2 Qd7 9. Bd3 Nc6 10. a3 a6 11. h3 Bf6 12. O-O O-O 13. Rfe1 Rfe8 14. Re2 Re7
15. Rae1 Rae8 16. Ng5 Bf5 17. Bc4 d5 18. Rxe7 Rxe7 19. Rxe7 Nxe7 20. Bb3 Ng6 21.
Be3 c6 22. Nf3 Nh4 23. Nxh4 Bxh4 24. Bd4 Be7 25. Qe3 Qe6 26. Qxe6 fxe6 27. g4
Bg6 28. Kg2 Bf6 29. Kf3 Be7 30. Kf4 c5 31. Be5 c4 32. Ba2 Bxc2 33. Bc7 Kf7 34.
Ke5 g5 35. Kd4 Be4 36. Ke3 Bg2 37. f3 Bc5+ 38. Ke2 Bxh3 39. Bb1 h6 40. Be5 b5
41. Bc2 a5 42. a4 b4 43. Bc7 d4 44. cxd4 Bxd4 45. Bxa5 b3 46. Be4 Bxb2 47. Bd2
c3 48. Be3 c2 49. a5 Bd4 50. Bc1 b2 51. Bxb2 Bxb2 52. Bxc2 Bd4 53. Bd3 Kf6 54.
Kd2 Ke5 55. Be2 Kf4 56. Kd3 e5 57. Kc4 Bg2 58. Kd5 Bxf3+ 59. Bxf3 Kxf3 60. Ke6
Kxg4 0-1

[Event "POLFINAL MISTRZOSTW POLSKI JUNIOROW 2016 - C11"]
[Site "Centrum Kongresow i Rekreacji Orle Gniazdo ul. Wrzosowa 28a, Szczyrk"]
[Date "1899-12-30"]
[Round "3.10"]
[White "Fudal, Patryk"]
[Black "Tomkiewicz, Szymon"]
[Result "1/2-1/2"]
[WhiteTitle "III"]
[BlackTitle "II"]
[WhiteElo "1161"]
[BlackElo "1234"]

1. e4 d5 2. exd5 Qxd5 3. Nc3 Qa5 4. d4 Nf6 5. Bc4 e6 6. Bd2 c6 7. Qe2 Qc7 8. Nf3
Bd6 9. O-O-O Nbd7 10. Kb1 a6 11. Ng5 Nb6 12. Bb3 h6 13. Nge4 Nxe4 14. Nxe4 Bd7
15. Ba5 Be7 16. Qe3 Bd8 17. Qd2 O-O 18. Bb4 Re8 19. Nd6 Rf8 20. Ne4 Re8 21. Nd6
Rf8 22. Ne4 Re8 23. Nd6 Rf8 1/2-1/2

[Event "POLFINAL MISTRZOSTW POLSKI JUNIOROW 2016 - C11"]
[Site "Centrum Kongresow i Rekreacji Orle Gniazdo ul. Wrzosowa 28a, Szczyrk"]
[Date "1899-12-30"]
[Round "3.11"]
[White "Lupinski, Marcel"]
[Black "Smuda, Tomasz"]
[Result "0-1"]
[WhiteTitle "II"]
[BlackTitle "III"]
[WhiteElo "1054"]
[BlackElo "1204"]

1. e4 e5 2. Nf3 Nc6 3. Bb5 Bc5 4. O-O Nge7 5. d3 a6 6. Ba4 b5 7. Bb3 d6 8. c3 O-O
9. d4 Bb6 10. Be3 Na5 11. Bc2 Nc4 12. Nbd2 Nxe3 13. fxe3 Ng6 14. Qe2 Re8 15. Rad1
Bb7 16. c4 c6 17. b4 Qd7 18. Ng5 f6 19. Bb3 bxc4 20. Bxc4+ d5 21. exd5 cxd5 22.
Nxh7 dxc4 23. Qh5 Qf7 24. Ng5 Nf4 25. Qh7+ Kf8 26. Nxf7 Ne2+ 27. Kf2 Nc3 28. Rc1
exd4 29. Rxc3 dxc3 30. Nxc4 Kxf7 31. Re1 Be4 32. Nd6+ Kf8 33. Nxe4 0-1

[Event "POLFINAL MISTRZOSTW POLSKI JUNIOROW 2016 - C11"]
[Site "Centrum Kongresow i Rekreacji Orle Gniazdo ul. Wrzosowa 28a, Szczyrk"]
[Date "1899-12-30"]
[Round "3.12"]
[White "Skrzypczynski, Kacper"]
[Black "Kotowicz, Kamil"]
[Result "1/2-1/2"]
[WhiteTitle "II"]
[BlackTitle "II"]
[WhiteElo "1228"]
[BlackElo "1045"]

1. e4 e6 2. Nf3 d5 3. exd5 exd5 4. d4 Bd6 5. Bd3 Bg4 6. h3 Bh5 7. g4 Bg6 8. Bxg6
hxg6 9. Qe2+ Qe7 10. Qxe7+ Nxe7 11. Be3 Nd7 12. Nc3 c6 13. O-O-O O-O-O 14. Ng5
Rdf8 15. Ne2 Nf6 16. f3 Nh7 17. h4 Nxg5 18. hxg5 Kd7 19. Bf4 Re8 20. Bxd6 Kxd6
21. Kd2 Nc8 22. Nf4 Nb6 23. b3 Nd7 24. Kd3 b6 25. a3 a5 26. c4 dxc4+ 27. bxc4
Kc7 28. Rxh8 Rxh8 29. Re1 Kd8 30. a4 Rh2 31. Re2 Rh1 32. Ra2 Rd1+ 33. Ke3 Nb8
34. Nd3 Nd7 35. Ra3 Rb1 36. Kd2 Rh1 37. c5 bxc5 38. dxc5 Rh2+ 39. Kd1 Kc7 40.
Ke1 Nf8 41. Rc3 Ra2 42. Rc4 Ne6 43. f4 Ra3 44. Ke2 Ra2+ 45. Ke1 Rg2 46. Nf2 Rg3
47. Ke2 Ra3 48. Nd3 Ra2+ 1/2-1/2

[Event "POLFINAL MISTRZOSTW POLSKI JUNIOROW 2016 - C11"]
[Site "Centrum Kongresow i Rekreacji Orle Gniazdo ul. Wrzosowa 28a, Szczyrk"]
[Date "1899-12-30"]
[Round "3.14"]
[White "Wos, Kacper"]
[Black "Wasik, Mateusz"]
[Result "0-1"]
[WhiteTitle "III"]
[BlackTitle "II"]
[WhiteElo "1060"]
[BlackElo "1263"]

1. e4 c5 2. Nf3 a6 3. d4 cxd4 4. Nxd4 Nf6 5. Nc3 e5 6. Nf3 Bb4 7. Bd2 O-O 8. Bd3
d5 9. a3 Bxc3 10. Bxc3 dxe4 11. Bxe4 Nxe4 12. Qxd8 Rxd8 13. Bxe5 Nc6 14. O-O Nxe5
15. Nxe5 Be6 16. Nf3 Nd2 17. Rfd1 Nxf3+ 18. gxf3 g5 19. Kf1 Rxd1+ 20. Rxd1 Rc8
21. c3 Kg7 22. Ke2 Kf6 23. Ke3 Ke5 24. Rd4 Rc4 25. Rd2 Rh4 26. Rd8 Rxh2 27. Rb8
Bd5 28. c4 Bc6 29. b4 Rh3 30. b5 axb5 31. cxb5 Bxf3 32. Re8+ Kf6 33. Rd8 Bc6+
34. Kd4 Bxb5 0-1

[Event "POLFINAL MISTRZOSTW POLSKI JUNIOROW 2016 - C11"]
[Site "Centrum Kongresow i Rekreacji Orle Gniazdo ul. Wrzosowa 28a, Szczyrk"]
[Date "1899-12-30"]
[Round "4.1"]
[White "Mocko, Maciej"]
[Black "Jeda, Maciej"]
[Result "1/2-1/2"]
[WhiteTitle "II"]
[BlackTitle "II"]
[WhiteElo "1195"]
[BlackElo "1312"]

1. e4 e5 2. Nf3 Nc6 3. Bc4 Bc5 4. c3 Nf6 5. d4 exd4 6. cxd4 Bb4+ 7. Bd2 Bxd2+ 8.
Nbxd2 d5 9. exd5 Nxd5 10. Qb3 Nce7 11. O-O O-O 12. Rfe1 c6 13. Rac1 Nb6 14. Bxf7+
Kh8 15. Be6 Ned5 16. Nc4 Nf4 17. Bxc8 Qxc8 18. Nxb6 axb6 19. Ne5 Qf5 20. a3 Qg5
21. Qf3 h5 22. Rc3 Qf5 23. Nd3 Nd5 24. Qxf5 Rxf5 25. Rc2 Ra4 26. Re5 Rxe5 27.
dxe5 Rd4 28. Ne1 Kg8 29. g3 Kf7 30. Nf3 Rd1+ 31. Kg2 Nc7 32. Ng5+ Ke7 33. f4 Rd5
34. Kh3 g6 35. Kh4 Rd4 36. Re2 c5 37. Nf3 Rd3 38. Ne1 Rb3 39. Kg5 Ne6+ 40. Kxg6
h4 41. f5 Nf8+ 42. Kg5 hxg3 43. hxg3 Rxg3+ 44. Kf4 Rh3 45. Nf3 Rh7 46. f6+ Kd7
47. e6+ Ke8 48. f7+ Ke7 49. Ng5 Rh6 50. b3 Rf6+ 51. Kg4 Ng6 52. Re4 b5 53. Nh7
Rxe6 54. Rxe6+ Kxe6 55. f8=Q Nxf8 56. Nxf8+ Kd5 57. Nd7 c4 58. bxc4+ bxc4 59.
Nb6+ Kd4 60. Kf3 Kd3 61. Nd5 c3 62. Nb4+ Kd2 63. Ke4 c2 64. Nxc2 Kxc2 65. Kd4
Kb3 66. Kc5 Kb2 67. a4 Kb3 1/2-1/2

[Event "POLFINAL MISTRZOSTW POLSKI JUNIOROW 2016 - C11"]
[Site "Centrum Kongresow i Rekreacji Orle Gniazdo ul. Wrzosowa 28a, Szczyrk"]
[Date "1899-12-30"]
[Round "4.2"]
[White "Kossowski, Pawel"]
[Black "Rosenfeld, Noe"]
[Result "1-0"]
[WhiteTitle "II"]
[BlackTitle "II"]
[WhiteElo "1273"]
[BlackElo "1237"]

1. e4 c5 2. d4 cxd4 3. c3 g6 4. cxd4 d5 5. e5 Nc6 6. Nf3 Bg4 7. Be3 Nh6 8. Nbd2
Qb6 9. Qb3 Qxb3 10. Nxb3 Bxf3 11. gxf3 Nf5 12. Rc1 Bg7 13. Bb5 O-O 14. Bxc6 bxc6
15. Rxc6 Rfc8 16. Rxc8+ Rxc8 17. Kd2 Nh4 18. f4 Bh6 19. Nc1 Rc6 20. Ne2 Ra6 21.
a3 Rb6 22. Kc2 Rc6+ 23. Kb1 f6 24. Rc1 Rxc1+ 25. Kxc1 fxe5 26. dxe5 Kf7 27. Bxa7
Ke6 28. Be3 Kf5 29. b4 Ke6 30. Kc2 Nf5 31. Kd3 Kd7 32. b5 Kc7 33. a4 e6 34. Nd4
Ne7 35. Nxe6+ 1-0

[Event "POLFINAL MISTRZOSTW POLSKI JUNIOROW 2016 - C11"]
[Site "Centrum Kongresow i Rekreacji Orle Gniazdo ul. Wrzosowa 28a, Szczyrk"]
[Date "1899-12-30"]
[Round "4.3"]
[White "Kietrys, Maciej"]
[Black "Rainer, Piotr"]
[Result "1-0"]
[WhiteTitle "II"]
[BlackTitle "III"]
[WhiteElo "1438"]
[BlackElo "1184"]

1. e4 c5 2. Nc3 Nc6 3. g3 e6 4. Bg2 Nge7 5. Nge2 Ng6 6. d3 Be7 7. Be3 O-O 8. f4
d6 9. O-O f5 10. d4 b6 11. exf5 Nh4 12. gxh4 Bb7 13. fxe6 Bxh4 14. Ng3 Rc8 15.
dxc5 bxc5 16. Nce4 Be7 17. Qg4 Nb4 18. Bd2 Nxc2 19. Rac1 Nd4 20. Bc3 g6 21. f5
Kh8 22. Bxd4+ cxd4 23. Rxc8 Qxc8 24. f6 Bd8 25. Nxd6 Re8 26. Nde4 1-0

[Event "POLFINAL MISTRZOSTW POLSKI JUNIOROW 2016 - C11"]
[Site "Centrum Kongresow i Rekreacji Orle Gniazdo ul. Wrzosowa 28a, Szczyrk"]
[Date "1899-12-30"]
[Round "4.4"]
[White "Tomkiewicz, Jakub"]
[Black "Czernecki, Andrzej"]
[Result "1-0"]
[WhiteTitle "II"]
[BlackTitle "II"]
[WhiteElo "1232"]
[BlackElo "1266"]

1. c4 e5 2. g3 Nf6 3. Bg2 d5 4. cxd5 Nxd5 5. Nf3 Nc6 6. O-O Be7 7. Nc3 Nb6 8. e3
O-O 9. d4 exd4 10. Nxd4 Nxd4 11. Qxd4 Qxd4 12. exd4 c6 13. Be3 Be6 14. Rfd1 Rfd8
15. Rd2 Nc4 16. Re2 Nxe3 17. Rxe3 Rxd4 18. Rae1 g6 19. Bh3 Bg5 20. f4 Bxh3 21.
fxg5 Be6 22. b3 Rg4 23. Ne4 Kg7 24. h3 Rxe4 25. Rxe4 Rd8 26. h4 Rd2 27. R1e2 Rd3
28. R4e3 Rd1+ 29. Kh2 Bd5 30. Re1 Rd2+ 31. R3e2 Rd4 32. Rf2 Rd3 33. Ree2 Rd1 34.
Kh3 f5 35. gxf6+ Kh6 36. f7 Rh1+ 37. Kg4 Bxf7 38. Rxf7 Rc1 39. Ree7 1-0

[Event "POLFINAL MISTRZOSTW POLSKI JUNIOROW 2016 - C11"]
[Site "Centrum Kongresow i Rekreacji Orle Gniazdo ul. Wrzosowa 28a, Szczyrk"]
[Date "1899-12-30"]
[Round "4.5"]
[White "Smuda, Tomasz"]
[Black "Rybak, Igor"]
[Result "0-1"]
[WhiteTitle "III"]
[BlackTitle "II"]
[WhiteElo "1204"]
[BlackElo "1254"]

1. e4 c5 2. Nf3 d6 3. d4 cxd4 4. Nxd4 Nf6 5. Nc3 Nc6 6. Nb3 g6 7. Bg5 Bg7 8. Qd2
O-O 9. Bc4 Ne5 10. Be2 a6 11. f4 Ned7 12. O-O-O Qc7 13. g4 b5 14. Bf3 Bb7 15.
h4 Rac8 16. h5 b4 17. Nd5 Nxd5 18. exd5 Nf6 19. hxg6 fxg6 20. Qh2 Rf7 21. f5 gxf5
22. Bxf6 Bxf6 23. Rdg1 Kf8 24. Kb1 Bxb2 25. gxf5 Be5 26. Qh6+ Bg7 27. Rxg7 Qxc2+
28. Ka1 Qc3+ 29. Kb1 Qxg7 30. Qxg7+ Kxg7 31. Nd4 Rc4 32. Ne6+ Kh8 33. Ng5 Rg7
34. Ne6 Rg3 35. Bh5 Bxd5 36. Rd1 Bxe6 37. fxe6 Kg7 38. Be2 Re4 39. Bxa6 Rxe6 40.
Bc4 Reg6 41. Kb2 h5 42. Rf1 Rf6 43. Rxf6 Kxf6 44. a4 bxa3+ 45. Kc2 Ke5 46. Ba2
Rg2+ 47. Kb1 Rxa2 48. Kxa2 h4 49. Kxa3 h3 50. Kb4 h2 51. Kb5 h1=Q 52. Kc4 Qd5+
53. Kc3 Ke4 54. Kb4 Kd4 55. Ka4 Kc3 56. Kb3+ 0-1

[Event "POLFINAL MISTRZOSTW POLSKI JUNIOROW 2016 - C11"]
[Site "Centrum Kongresow i Rekreacji Orle Gniazdo ul. Wrzosowa 28a, Szczyrk"]
[Date "1899-12-30"]
[Round "4.6"]
[White "Lokaj, Bartlomiej"]
[Black "Franc, Piotr"]
[Result "1-0"]
[WhiteTitle "II"]
[BlackTitle "II"]
[WhiteElo "1249"]
[BlackElo "1230"]

1. e4 e6 2. Nf3 d5 3. exd5 exd5 4. d4 Nf6 5. Bd3 Be7 6. O-O O-O 7. c3 Bg4 8. h3
Bh5 9. Bf4 Nbd7 10. Nbd2 c5 11. Qc1 c4 12. Bc2 Re8 13. Re1 Bxf3 14. Nxf3 Nh5 15.
Bh2 Bf8 16. b3 b5 17. a4 bxa4 18. bxc4 dxc4 19. Be4 Nhf6 20. Bxa8 Qxa8 21. Rxe8
Qxe8 22. Ne5 Bd6 23. Nxc4 Bxh2+ 24. Kxh2 Qe2 25. Qf1 Qc2 26. Rc1 Qb3 27. Ne5 g6
28. Qc4 Nxe5 29. Qxb3 axb3 30. dxe5 Ne4 31. Rb1 Nxc3 32. Rxb3 Ne4 33. Rb8+ Kg7
34. Rb7 a5 35. Ra7 Nc5 36. Rxa5 Ne6 37. Kg3 h5 38. Ra6 Nc5 39. Ra7 Ne6 40. f4
Nd4 41. Kf2 h4 42. Rd7 Ne6 43. Kf3 Kf8 44. Kg4 Ke8 45. Rd6 Ke7 46. Rxe6+ Kxe6
47. Kg5 Ke7 48. Kxh4 f6 49. exf6+ Kxf6 50. Kg4 Kg7 51. f5 Kf6 52. fxg6 Kxg6 53.
h4 Kh6 54. h5 Kh7 55. Kf5 Kh6 56. g4 Kh7 57. g5 Kg7 58. h6+ Kf7 59. g6+ Kg8 60.
Kf6 Kh8 61. g7+ Kg8 62. h7+ Kxh7 63. Kf7 Kh6 64. g8=Q Kh5 65. Qg3 Kh6 66. Qh4#
1-0

[Event "POLFINAL MISTRZOSTW POLSKI JUNIOROW 2016 - C11"]
[Site "Centrum Kongresow i Rekreacji Orle Gniazdo ul. Wrzosowa 28a, Szczyrk"]
[Date "1899-12-30"]
[Round "4.7"]
[White "Choina, Jan"]
[Black "Wieczorek, Mikolaj"]
[Result "0-1"]
[WhiteTitle "II"]
[BlackTitle "II"]
[WhiteElo "1099"]
[BlackElo "1458"]

1. e4 c5 2. Nf3 Nc6 3. d4 cxd4 4. Nxd4 e5 5. Nb5 Nf6 6. N1c3 d6 7. a4 a6 8. Na3
Be6 9. Bc4 Be7 10. Be3 O-O 11. Bd5 Bxd5 12. exd5 Nb8 13. Nc4 Nbd7 14. O-O Rc8
15. Qe2 Qc7 16. b3 Nc5 17. Rfd1 Rfd8 18. a5 Rf8 19. Na2 Nfd7 20. Nb6 Nxb6 21.
axb6 Qd8 22. Qg4 f5 23. Qh5 g6 24. Qh6 Bf6 25. f4 Bg7 26. Qh3 exf4 27. Bd4 Bxd4+
28. Rxd4 Qxb6 29. Rb4 Qa7 30. Kh1 Ne4 31. Qf3 Nf2+ 32. Kg1 Nd3+ 33. Kf1 Nxb4 34.
Nxb4 Qd4 35. Ra4 Qe3 36. Qd1 Qe5 37. Nd3 Qxd5 38. Rxf4 Rfe8 39. Rh4 Re4 40. Rh3
Qc6 41. Nf2 Ree8 42. c4 b5 43. cxb5 axb5 44. b4 Qc1 45. Rd3 Qxd1+ 46. Rxd1 Red8
47. Nd3 Kf7 48. Re1 Re8 49. Rd1 Re4 50. Nf2 Rxb4 51. Rxd6 Rb1+ 52. Ke2 Rc2+ 53.
Kd3 Rxf2 54. Kc3 Rxg2 55. Rd7+ Kg8 56. Rd8+ Kg7 57. Rd7+ Kh6 58. Rb7 Rxh2 0-1

[Event "POLFINAL MISTRZOSTW POLSKI JUNIOROW 2016 - C11"]
[Site "Centrum Kongresow i Rekreacji Orle Gniazdo ul. Wrzosowa 28a, Szczyrk"]
[Date "1899-12-30"]
[Round "4.8"]
[White "Tomkiewicz, Szymon"]
[Black "Martyniak, Milosz"]
[Result "1-0"]
[WhiteTitle "II"]
[BlackTitle "II"]
[WhiteElo "1234"]
[BlackElo "1178"]

1. c4 e6 2. Nc3 d5 3. g3 f5 4. e3 Nf6 5. Bg2 b6 6. d4 Bb7 7. Nge2 Nbd7 8. Rb1 Bd6
9. b4 Rb8 10. c5 bxc5 11. bxc5 Be7 12. Ba3 c6 13. O-O O-O 14. Qd3 Re8 15. Rb2
Qa5 16. Bb4 Qa6 17. Qd2 Ba8 18. Rfb1 Qc8 19. Nf4 Kf7 20. Bf1 Nf8 21. Ba3 Rxb2
22. Rxb2 Kg8 23. Bb4 Qd7 24. a4 Rb8 25. Ba3 Rxb2 26. Qxb2 Qb7 27. Qxb7 Bxb7 28.
Bb4 g5 29. Nd3 Ng6 30. f4 h6 31. Ne5 Kg7 32. a5 Nxe5 33. fxe5 g4 34. exf6+ Bxf6
35. a6 Bc8 36. Ba5 Kf8 37. Bc7 Ke7 38. Bb8 Kd7 39. Bxa7 Kc7 40. Bb6+ Kb8 41. a7+
Ka8 42. h3 h5 43. h4 Bb7 44. Ne2 Bc8 45. Nf4 Be7 46. Nxh5 Bf8 47. Nf4 Be7 48.
h5 Bg5 49. Ba6 Bxa6 50. Nxe6 1-0

[Event "POLFINAL MISTRZOSTW POLSKI JUNIOROW 2016 - C11"]
[Site "Centrum Kongresow i Rekreacji Orle Gniazdo ul. Wrzosowa 28a, Szczyrk"]
[Date "1899-12-30"]
[Round "4.9"]
[White "Fudal, Patryk"]
[Black "Marcinkowski, Jan"]
[Result "0-1"]
[WhiteTitle "III"]
[BlackTitle "II"]
[WhiteElo "1161"]
[BlackElo "1194"]

1. c4 c5 2. Nc3 Nf6 3. e4 d6 4. Nf3 Nc6 5. g3 b6 6. Bg2 Bb7 7. d3 g6 8. O-O Bg7
9. a3 O-O 10. Rb1 Nd7 11. Bd2 Nce5 12. Be3 Nxf3+ 13. Bxf3 Ne5 14. Bg2 Rc8 15.
Qd2 e6 16. f4 Ng4 17. f5 Nxe3 18. Qxe3 Bd4 19. Qxd4 cxd4 20. Ne2 Qg5 21. Kh1 exf5
22. exf5 Bxg2+ 23. Kxg2 Rce8 24. Nxd4 Qd2+ 25. Rf2 Qxd3 0-1